| 000 | 00578nam a2200217Ia 4500 | ||
|---|---|---|---|
| 005 | 20250425160956.0 | ||
| 008 | 250425s9999 xx 000 0 und d | ||
| 041 | _aeng | ||
| 082 | _a515.33 | ||
| 100 | _aAYRES, FRANK | ||
| 245 | 0 | _aTHEORY AND PROBLEMS OF DIFFERENTIAL AND INTEGRAL CALCULUS | |
| 250 | _a1ST ED. | ||
| 260 |
_aEstados Unidos _bSCHAUM PUBLISHING _c1950 |
||
| 260 | _aNEW YORK | ||
| 300 | _a232 | ||
| 650 | _aCALCULO DIFERENCIAL | ||
| 650 | _aCALCULO DIFERENCIAL-PROBLEMAS Y EJERCICIOS | ||
| 650 | _aCALCULO INTEGRAL | ||
| 942 | _c01 | ||
| 010 | _a9651 | ||
| 999 |
_c199983 _d199983 |
||